| 000 | 00793nam a2200277Ia 4500 | ||
|---|---|---|---|
| 001 | Para_7456 | ||
| 003 | CHAP | ||
| 008 | 220125s1999 xx 000 0 und d | ||
| 010 | _a206344 | ||
| 040 | _cCHAP | ||
| 082 | _aPA-C 632.3 M4 | ||
| 100 |
_aStern, Jeannot _9109695 |
||
| 245 |
_aEl chino del tomate / _c por Jeannot Stern |
||
| 260 |
_aMéxico : _b Dirección General de Agricultura |
||
| 300 | _a4 h. | ||
| 500 | _aEncuadernado con otros impresos similares | ||
| 650 |
_aFitopatología _x colecciones de escritos _9172523 |
||
| 650 |
_aTomate _x enfermedades por virus _9113715 |
||
| 901 | _aPA-C 632.3 M4 | ||
| 902 | _aA | ||
| 905 | _a00000019-- 0000000000 00 | ||
| 910 | _a19-- | ||
| 942 | _cPARA | ||
| 942 |
_cPARA _d1 |
||
| 999 |
_c206344 _d206344 |
||